Invisible Countries of Africa Quiz Stats

 Plays Quiz Updated Jul 2, 2018

Score 0/54 Timer 05:00
2 Plays Today
Countries % Correct
Egypt
95.8%
South Africa
94.9%
Niger
91.7%
Morocco
90.8%
Sudan
90.4%
Nigeria
90.3%
Kenya
90%
Libya
89.2%
Algeria
88.9%
Democratic Republic of the Congo
88.5%
Madagascar
87.8%
Chad
87.7%
Ethiopia
87.3%
Zimbabwe
87.1%
South Sudan
86%
Tunisia
85.3%
Somalia
84.8%
Rwanda
84.8%
Lesotho
84.4%
Mali
84.4%
Cote d'Ivoire
84%
Ghana
83.6%
Zambia
83.3%
Uganda
82.3%
Tanzania
81.6%
Central African Republic
81%
Eritrea
80.5%
Countries % Correct
Liberia
80.5%
Angola
80.4%
Guinea
80.3%
eSwatini
80%
Republic of the Congo
80%
Namibia
79.9%
Djibouti
79.2%
Togo
79.1%
Cameroon
78.9%
Mozambique
78.6%
Botswana
78%
Senegal
77.3%
Mauritania
76%
The Gambia
76%
Benin
75.3%
Malawi
74.4%
Guinea-Bissau
73.7%
Equatorial Guinea
73.2%
Sierra Leone
73%
Seychelles
72.3%
Gabon
72.2%
Burundi
71.8%
Burkina Faso
71.4%
Cabo Verde
71.2%
Mauritius
70.6%
Comoros
68.8%
São Tomé and Príncipe
66.2%

You're not logged in!

Compare scores with friends on all Sporcle quizzes.
OR
Log In

Sporcle TV

Today on Sporcle TV


Watch our educational content, quiz creation guides, and fun videos on Sporcle TV.

Show Comments

Extras

Top Quizzes Today


Score Distribution

Your Account Isn't Verified!

In order to create a playlist on Sporcle, you need to verify the email address you used during registration. Go to your Sporcle Settings to finish the process.

Report this User

Report this user for behavior that violates our Community Guidelines.

Details: